ديوان الحماسه باب الاضياف والمديح مع شرح اردو ;; diwan alhamasih bab aladiaf walmadih mae sharh ardu / (Record no. 79029)
[ view plain ]
| 000 -LEADER | |
|---|---|
| fixed length control field | 00621cam a2200205 i 4500 |
| 001 - CONTROL NUMBER | |
| control field | 79028 |
| 003 - CONTROL NUMBER IDENTIFIER | |
| rucl marc code | BD-RjUL |
| 005 - DATE AND TIME OF LATEST TRANSACTION | |
| control field | 20211220104954.0 |
| 008 - FIXED-LENGTH DATA ELEMENTS--GENERAL INFORMATION | |
| fixed length control field | 211220s19?? ara b 001 p ara d |
| 035 ## - SYSTEM CONTROL NUMBER | |
| System control number | (BD-RjUL)79028 |
| 040 ## - CATALOGING SOURCE | |
| Original cataloging agency | HLS |
| Language of cataloging | eng |
| Description conventions | rda |
| Transcribing agency | HLS |
| Modifying agency | DLC |
| 041 ## - LANGUAGE CODE | |
| Language code of text/sound track or separate title | ara |
| 082 ## - DEWEY DECIMAL CLASSIFICATION NUMBER | |
| Edition number | 23 |
| Classification number | 892.71 |
| Author mark and year | DEW 19//// |
| 245 10 - TITLE STATEMENT | |
| Title | ديوان الحماسه باب الاضياف والمديح مع شرح اردو ;; diwan alhamasih bab aladiaf walmadih mae sharh ardu / |
| 264 #1 - PRODUCTION, PUBLICATION, DISTRIBUTION, MANUFACTURE, AND COPYRIGHT NOTICE | |
| Place of production, publication, distribution, manufacture | Dhaka : |
| Name of producer, publisher, distributor, manufacturer | Emdadiah library, |
| Date of production, publication, distribution, manufacture, or copyright notice | 19??/ |
| 300 ## - PHYSICAL DESCRIPTION | |
| Pagination | 175 pages ; |
| Size | 24cm |
| 650 #0 - SUBJECT ADDED ENTRY--TOPICAL TERM | |
| Form subdivision | Poetry. |
| 942 ## - ADDED ENTRY ELEMENTS (KOHA) | |
| Source of classification or shelving scheme | Dewey Decimal Classification |
| Koha item type | Books |
| Lost status | Source of classification or shelving scheme | Damaged status | Not for loan | Collection code | Permanent Location | Current Location | Shelving location | Date acquired | Source of acquisition | Cost, normal purchase price | Full call number | Date last seen | Copy number | Koha item type | Total Checkouts |
|---|---|---|---|---|---|---|---|---|---|---|---|---|---|---|---|
| Dewey Decimal Classification | Not For Loan | Non-fiction | Central Library, University of Rajshahi | Central Library, University of Rajshahi | Reading Room | 25/08/1987 | Akbar Ali | 23.00 | U 892.71 DEW 19//// | 20/12/2021 | C-1 | Books | |||
| Dewey Decimal Classification | Non-fiction | Central Library, University of Rajshahi | Central Library, University of Rajshahi | General Stacks | 25/08/1982 | Aligarh Library , Rajshahi | 23.00 | A 892.71 DEW 198? | 14/02/2022 | C-2 | Books | ||||
| Dewey Decimal Classification | Non-fiction | Central Library, University of Rajshahi | Central Library, University of Rajshahi | General Stacks | 25/08/1982 | Aligarh Library , Rajshahi | A 892.71 DEW 198? | 14/02/2022 | C-2 | Books |